| 000 | 00487nam a2200181 4500 | ||
|---|---|---|---|
| 008 | 240209b |||||||| |||| 00| 0 eng d | ||
| 016 | _2retro2021 | ||
| 020 | _a 7254936 | ||
| 040 |
_aNLN _bEng |
||
| 050 |
_aHB172 _b.C863 |
||
| 082 | _a338.5 | ||
| 245 |
_aMicroeconomic / _cColander C. David |
||
| 260 |
_aNew York, United States of America : _bMCgraw hills, _c2004 |
||
| 300 |
_a548p. _b :ill.(col), ports. ; 26cm |
||
| 563 | _a(pbk) | ||
| 650 |
_aMicroeconomics _9824 |
||
| 942 | _cBK | ||
| 999 |
_c16561 _d16561 |
||